00858cam a22002531 4500001001300000003000400013005001700017008004100034010001700075035001900092040002700111042001200138043001200150050003000162110003400192245015600226260003200382300004100414410004500455500001700500650003700517740003300554999001700587e 52000063 DLC20260227111234.0800508s1951 kyuab s000 0 eng  ae 52000063  a(OCoLC)6293532 aDLCcWMenUdOCoLCdDLC apremarc an-us-ky00aL152b.B35 vol. 19, no. 41 aKentucky. Dept. of Education.10aImproving instruction through in-service teacher training;ba report on how a state-wide program has been inaugurated during the school year 1950-1951. a[Frankfort, Kentuckyc1951] a[187]-220 p.bfold. col. mapc23 cm.11aItstEducational bulletin,vv. 19, no. 4 aCover title. 0aTeachersxTraining ofzKentucky.0 aIn-service teacher training. c22183d22183